000 00665nam a2200229 a 4500
001 000055477
005 20200120223113.0
008 070315s1984 sp gr 000 0 spa d
020 _a8475303471
041 _a//spa
090 _aAN
_bLEEm
100 0 _aLee, Harper
245 1 0 _aMatar un ruiseñor /
_cHarper Lee ; traducción Baldomero Porta.
250 _a1a. ed.
260 _aBarcelona :
_bEdiciones Orbis,
_c1984.
300 _a451 p.
490 0 _aBiblioteca grandes éxitos ;
_v13
534 _pTítulo original :
_tTo kill a hockingbird.
650 1 4 _aNOVELA ESTADOUNIDENSE
650 1 4 _aLITERATURA ESTADOUNIDENSE
700 1 _aPorta, Baldomero, tr.
999 _c5039
_d5039